| 000 | 00666nam a22002053a 4500 | ||
|---|---|---|---|
| 005 | 20251024063925.0 | ||
| 008 | 011002s1991 mx fr 000 0 spa d | ||
| 035 | _aUPN01000112409 | ||
| 049 | _aI | ||
| 050 | 4 |
_aQ164 _bCH8.38 |
|
| 100 | 1 | _aChurchill, E. Richard | |
| 245 | 1 | 0 |
_aExperimentos científicos asombrosos con materiales de uso cotidiano / _cE. Richard Churchill ; tr. Dora Alicia Ventura M. |
| 260 |
_aMéxico : _bEdivisión, _c1991. |
||
| 300 |
_a131 p. _bil. |
||
| 440 | 0 | _aOrigen | |
| 650 | 4 |
_aCiencia _xExperimentos _95900 |
|
| 650 | 4 |
_aEXPERIMENTOS EDUCATIVOS _95899 |
|
| 650 | 4 |
_aCIENCIA RECREATIVA - _vLITERATURA JUVENIL _95901 |
|
| 905 | _aInfantil | ||
| 999 |
_c86317 _d86317 |
||